TEXTBOOK OF PHARMACEUTICS I sem-1 (Record no. 8884)
[ view plain ]
| 000 -LEADER | |
|---|---|
| fixed length control field | 00481nam a22001697a 4500 |
| 003 - CONTROL NUMBER IDENTIFIER | |
| control field | OSt |
| 008 - FIXED-LENGTH DATA ELEMENTS--GENERAL INFORMATION | |
| fixed length control field | 200713b ||||| |||| 00| 0 eng d |
| 020 ## - INTERNATIONAL STANDARD BOOK NUMBER | |
| International Standard Book Number | 8125600930 |
| 082 ## - DEWEY DECIMAL CLASSIFICATION NUMBER | |
| Classification number | 615.19 AGT |
| 100 ## - MAIN ENTRY--PERSONAL NAME | |
| Personal name | AGARWAL, S P KHANNA ,RAJESH AND KAUL, J L |
| 245 ## - TITLE STATEMENT | |
| Title | TEXTBOOK OF PHARMACEUTICS I sem-1 |
| 250 ## - EDITION STATEMENT | |
| Edition statement | 2019 |
| 260 ## - PUBLICATION, DISTRIBUTION, ETC. (IMPRINT) | |
| Place of publication, distribution, etc | N Delhi |
| Name of publisher, distributor, etc | Birla Publications Pvt. Ltd. Pub |
| Date of publication, distribution, etc | 2019 |
| 300 ## - PHYSICAL DESCRIPTION | |
| Extent | 216 |
| 650 ## - SUBJECT ADDED ENTRY--TOPICAL TERM | |
| Topical term or geographic name as entry element | Pharmaceutics (Dispensing and General Pharmacy |
| 942 ## - ADDED ENTRY ELEMENTS (KOHA) | |
| Source of classification or shelving scheme | Dewey Decimal Classification |
| Koha item type | Text Books |
| 942 ## - ADDED ENTRY ELEMENTS (KOHA) | |
| -- | 15 |
| Withdrawn status | Lost status | Source of classification or shelving scheme | Damaged status | Not for loan | Collection code | Home library | Current library | Date acquired | Source of acquisition | Currency | Cost, normal purchase price | Bill Number | Total Checkouts | Full call number | Acc. no. / Barcode | Date last seen | Date last borrowed | Actual Cost, discounted price | Bill Date | Koha item type |
|---|---|---|---|---|---|---|---|---|---|---|---|---|---|---|---|---|---|---|---|---|
| Dewey Decimal Classification | B.Pharma | PIET C-LIBRARY | PIET C-LIBRARY | 11/02/2020 | Kirti Prakashan | Indian Rup | 220.00 | IN6378 | 6 | 615.19 AGT | BP1340 | 23/05/2022 | 18/05/2022 | 147.40 | 11/02/2020 | Reference Books | ||||
| Dewey Decimal Classification | B.Pharma | PIET C-LIBRARY | PIET C-LIBRARY | 11/02/2020 | Kirti Prakashan | Indian Rup | 220.00 | IN6378 | 8 | 615.19 AGT | BP1341 | 20/10/2023 | 05/10/2023 | 147.40 | 11/02/2020 | Text Books | ||||
| Dewey Decimal Classification | B.Pharma | PIET C-LIBRARY | PIET C-LIBRARY | 11/02/2020 | Kirti Prakashan | Indian Rup | 220.00 | IN6378 | 3 | 615.19 AGT | BP1342 | 20/03/2025 | 05/03/2025 | 147.40 | 11/02/2020 | Text Books |